[Event "Gibraltar Masters 10th"]
[Site "Caleta"]
[Date "2012.02.01"]
[Round "9"]
[White "Krush, Irina"]
[Black "Laznicka, Viktor"]
[Result "0-1"]
[WhiteElo "2467"]
[BlackElo "2704"]
[Annotator "Let's Check"]
[PlyCount "80"]
[EventDate "2012.01.24"]
[EventType "swiss"]
[EventRounds "10"]
[EventCountry "GGB"]
[SourceTitle "CBM 147"]
[Source "ChessBase"]
[SourceDate "2012.03.16"]
[SourceVersion "1"]
[SourceVersionDate "2012.03.16"]
[SourceQuality "1"]

1. d4 d5 2. c4 dxc4 3. Nf3 Nf6 4. e3 e6 5. Bxc4 c5 6. Qe2 cxd4 7. exd4 Nc6 8.
O-O Be7 9. Rd1 O-O 10. Nc3 Nd5 11. Bb3 Re8 12. h4 Bf8 13. Bc2 h6 14. a3 g6 15.
h5 g5 16. Bd2 Bg7 17. Qd3 f5 18. Bb3 Kh7 19. Re1 Nxc3 20. bxc3 e5 21. Rad1 e4
22. Qe2 Bd7 23. Nh2 Qf6 24. Bc2 Kh8 25. f3 Rac8 26. Bb1 Na5 27. fxe4 fxe4 28.
Bxe4 Nc4 29. Ng4 Qb6 30. Nf2 Qa5 31. Rc1 Qxa3 32. Qd3 b5 33. Bg6 Rxe1+ 34. Rxe1
b4 35. Re7 Nxd2 36. Rxd7 Qc1+ $2 (36... bxc3 37. Qe2 $19) 37. Kh2 $15 Nf1+ 38.
Kg1 Ne3+ 39. Kh2 Qe1 40. Re7 $2 (40. Qa6 Re8 $3 41. Rf7 $15) 40... Nf1+ $19 0-1

[Event "Antwerp op"]
[Site "Antwerp"]
[Date "1996.??.??"]
[Round "6"]
[White "Novikov, Igor A"]
[Black "Overeem, Marc"]
[Result "1-0"]
[WhiteElo "2585"]
[BlackElo "2330"]
[Annotator "Meulders,R"]
[PlyCount "61"]
[EventDate "1996.07.??"]
[EventType "swiss"]
[EventRounds "9"]
[EventCountry "BEL"]
[SourceTitle "EXT 1997"]
[Source "ChessBase"]
[SourceDate "1996.11.15"]
[SourceVersion "1"]
[SourceVersionDate "1996.11.15"]
[SourceQuality "1"]

1. d4 d5 2. c4 dxc4 3. Nf3 Nf6 4. e3 e6 5. Bxc4 c5 6. Qe2 a6 (6... cxd4 7. exd4
Nc6 8. O-O Nxd4 9. Nxd4 Qxd4 10. Rd1 Qb6 11. Bb5+ Bd7 12. Bxd7+ Nxd7 13. Nc3
Nf6 14. Be3 Qc6 15. Rac1 a6 16. Nd5 Qxd5 17. Rxd5 $14 {Malich-Uhlmann,
Zinnowitz 1966}) 7. dxc5 Bxc5 8. Nbd2 Qc7 $6 {Dies scheint mir
schablonenhafter Entwicklung; logischer erscheint das aggressivere ...b5.} 9.
a3 $1 {Es ist interessant zu sehen, dass Weiss sich nicht mit der Rochade
beeilt. Er will schnellstens durch Tempogewinne das Zentrum beherschen und den
Ta1 auf die offene Linie stellen.} Nbd7 10. b4 Bd6 11. Bb2 b5 12. Bd3 Bb7 13.
e4 Be7 (13... Ne5 14. Nxe5 Bxe5 15. Rc1 Qb8 16. Bxb5+ axb5 17. Qxb5+ Nd7 18.
Bxe5 Qxe5 19. Qxb7 Rb8 20. Qc6 Ke7 21. Nf3 Qb2 22. Rd1 Rhd8 23. Qc1 Qf6 24. O-O
Rbc8 25. Qe3 Ra8 26. Rd3 $18) 14. Rc1 Qb8 15. O-O {Erst jetzt, da er nichts
besseres mehr hat, gibt Weiss dem Koenig einen sicheren Unterschlupf.} O-O 16.
Nb3 $1 Qf4 $2 (16... Rc8) 17. g3 Qg4 18. Rc7 $16 Bc8 19. Rfc1 Nh5 20. e5 $1 Nf4
21. Qe4 Qg6 {Hiermit vermeidet Schwarz Materialverlust, aber das entstehende
Endspiel steht schrecklich fuer ihn.} 22. Qxg6 Nxg6 23. Be4 Rb8 24. Na5 {
Komplette Dominanz; es droht vernichtend Sc6.} f5 25. exf6 Bxf6 26. Bxf6 Nxf6
27. Bxg6 hxg6 28. Nc6 $18 Bb7 {Wegen Se7+ konnte der Turm nicht weichen.} 29.
Nxb8 Bxf3 30. Rc8 Rxc8 31. Rxc8+ 1-0

[Event "Tel Aviv 14th"]
[Site "Tel Aviv"]
[Date "1998.04.19"]
[Round "7"]
[White "Mikhalevski, Victor"]
[Black "Maryasin, Boris Feliksovich"]
[Result "1-0"]
[WhiteElo "2545"]
[BlackElo "2350"]
[Annotator "Mikhalevski,V"]
[PlyCount "81"]
[EventDate "1998.04.12"]
[EventType "swiss"]
[EventRounds "7"]
[EventCountry "ISR"]
[SourceTitle "CBM 064"]
[Source "ChessBase"]
[SourceDate "1998.06.02"]
[SourceVersion "1"]
[SourceVersionDate "1998.06.02"]
[SourceQuality "1"]

{This game was played in the last round of The 14-th International Festival in
Tel-Aviv and I had to win to take the tournament.} 1. d4 d5 2. c4 dxc4 3. Nf3
Nf6 4. e3 e6 5. Bxc4 c5 6. dxc5 $5 {Of course,this move can't give anything
serious for white,but my choice of this line can be explained by the fact,that
queen is the favourite piece of my opponent!} Qxd1+ (6... Bxc5 {can lead to
the same position after} 7. Qxd8+ Kxd8 8. a3 a6 9. b4 Bd6 10. Bb2 b5 11. Bd3
Bb7 12. Nbd2 Ke7 13. Ke2 Nbd7) 7. Kxd1 Bxc5 8. a3 a6 (8... Nbd7 {is also
possible,but 8...a6 is simplier.} 9. Nbd2 b6 10. Ke2 Bb7 11. b4 Be7 12. Bb2 O-O
13. Rhc1 Rfc8 14. Bb5 Nf8 15. Rxc8 {1/2-1/2 Alvarez Ibarra,D-Magem Badals,J/
ESP-chT 1997}) 9. b4 Bd6 {So far Maryasin chose the best moves to equalize.} (
9... Be7 10. Bb2 b5 11. Bd3 Bb7 12. Nbd2 (12. Ke2 Nbd7 13. Nbd2 O-O 14. Rac1
Rfc8 15. e4 Bd8 16. Ne5 Bb6 17. Nxd7 Nxd7 18. Nb3 e5 19. Rxc8+ Rxc8 20. Rc1
Rxc1 21. Bxc1 f5 22. f3 f4 23. Bb2 Kf7 24. Na5 Ba8 25. a4 Bxa5 26. bxa5 Bc6 27.
axb5 axb5 28. g3 fxg3 29. hxg3 Ke6 30. Ba3 Nb8 31. Bc2 Na6 32. Bb3+ Kf6 33. Bd6
g5 34. Ke3 h5 35. f4 exf4+ 36. gxf4 gxf4+ 37. Kxf4 Be8 38. Bd5 b4 39. Bc4 h4
40. Be5+ Kg6 41. Bxa6 b3 42. Bd3 Kh6 {1-0 Tatari,E-Petersen,S/DEN-chB 1991})
12... Nbd7 (12... O-O 13. Ke2 Nbd7 14. Rac1 Rfc8 15. h3 Rxc1 16. Rxc1 Rc8 17.
Rxc8+ Bxc8 18. Ne5 {1/2-1/2 Spassky,B-Simagin,V/Sochi 1967}) 13. Rc1 Bd6 14.
Ke2 Ke7 15. Nb3 Rac8 16. Na5 Ba8 17. Rhd1 g6 18. Bb1 e5 19. Ba2 Ne4 20. Ne1 f6
21. f3 Ng5 22. e4 Nb6 {1/2-1/2 Filip,M-Byrne,R/Santa Fe 1961}) 10. Bb2 b5 11.
Bd3 Bb7 12. Ke2 Nbd7 13. Nbd2 Rc8 $146 {Novelty.13...Ke7 is most drawish line.}
(13... Ke7 14. Rac1 (14. Rhc1 Rhc8 15. g3 Rxc1 16. Rxc1 Rc8 17. Rxc8 Bxc8 18.
Ne4 Nxe4 19. Bxe4 g6 20. Nd4 Nb6 21. Nc6+ Kd7 22. Na5 e5 23. f4 f6 {1/2-1/2
Averbakh,Y-Suetin,A/Titovo Uzice 1966}) 14... Rac8 15. h3 g6 16. Bb1 Rxc1 17.
Rxc1 a5 18. Bd3 axb4 19. axb4 Rc8 20. Rxc8 Bxc8 21. Bxb5 Bxb4 {1/2-1/2
Portisch,L-Bilek,I/Maroczy mem 1961}) 14. e4 e5 15. a4 {White is trying to get
at least something,but next Black's move show that Black is not worse here.}
O-O $1 (15... Bxb4 16. axb5 axb5 17. Nxe5 {could give better chances for White.
}) 16. axb5 axb5 17. Ra7 $1 {The only way to continue.The exchange of"b"pawns
would lead to a simple draw.} Bc6 (17... Rc7 $5 18. Bxb5 $140 $2 Bc6 $1) 18.
Bc3 Rfe8 $6 {[%cal Gd7b6] Black plays solidly,but 18...B:e4! could lead to a
very comfortable position for Black} (18... Bxe4 $1 19. Nxe4 Nxe4 20. Bxe4 Nf6
$1) (18... Nh5 19. g3 f5 $5) 19. Ra6 $1 {Prevents 19...Nb6 and 19...N:e4,as
now bishop on "d6" is hanging.} Nb8 (19... Bf8 $5) (19... Nf8 $5 {Golod,V}) 20.
Ra3 Bd7 {[%cal Gb8c6] /\Nc6} 21. Rb1 $1 Nc6 (21... h6 $1 {is much stronger as
White doesn't have any useful move.}) 22. Bxb5 Rb8 23. Bc4 $1 {[%csl Rf7]} ({
But not} 23. Bxc6 Bxc6 {that gives good counterplay}) 23... Nd4+ $5 {Black
doesn't want to get slightly worse game after 23...N:b4,but tryies to play for
three results.} (23... Bxb4 $2 24. Bxb4 Rxb4 (24... Nxb4 25. Rab3 Nc6 26. Rxb8
Nxb8 27. Nxe5) 25. Rxb4 Nxb4 26. Ng5 Rf8 27. Nxf7 $1 Rxf7 28. Nf3 $1 $16 {
[%cal Gf3e5,Gf3g5]}) (23... Nxb4 $5 24. Rab3 Nc6 (24... Na2 $5) 25. Ng5 {
[%csl Rf7]}) 24. Bxd4 $1 (24. Kf1 Nb5 $1 25. Bxb5 Bxb5+ $44) 24... exd4 25. Kd3
Ng4 $5 (25... Rxb4 26. Rxb4 Bxb4 27. Ra7 $1 {[%csl Rd4,Rf7] +=/+/-}) 26. Ra7 $3
{The only way to gain advantage,otherwise Black is even better.} Nxf2+ 27. Kxd4
$1 {King is the strongest piece in an endgame and has to be in front!} (27. Ke2
$2 Nxe4 $1 28. Bxf7+ $140 $2 Kxf7 29. Rxd7+ Ke6 30. Rxg7 Nc3+) 27... Red8 {
[%cal Rd8d4]} (27... Be6 $5) 28. Ng5 $3 {King is strong enough to defend
itself!} Bxb4 $2 (28... Bf4 29. Nxf7 Be6+ 30. Nxd8 Rxd8+ 31. Bd5 Bxd2 32. Ra8
$1 $16) (28... Be8 $1 {[] was the only attempt to go on.After 28...B:b4? Black
is lost.} 29. Nxf7 $1 Bxf7 30. Bxf7+ Kh8 31. Bd5 $1 Bxb4 32. Ra2 (32. Rf1 $5) (
32. Nb3) 32... Rdc8 33. Nb3 (33. Be6 Rd8+ 34. Kc4 Bxd2 35. Rxd2 Nxe4 $11) 33...
Bc3+ 34. Ke3 Ng4+ 35. Ke2 Nxh2 {+=\=}) 29. Nxf7 Be6+ 30. Nxd8 Rxd8+ 31. Ke5 $1
$18 {This desicive move was missed by Black.Now the game is over.} Bxc4 32.
Nxc4 (32. Rxb4 $2 Nd3+) 32... Re8+ 33. Kd5 Rd8+ 34. Ke6 {Look at the activity
of this king.It moved only forward and decided the game.} Bc5 (34... Re8+ 35.
Kd5 Rd8+ 36. Kc6) 35. Rab7 $1 {[%cal Gb7b8]} Bf8 36. Rb8 Rxb8 (36... Rd4 37.
Rxf8+ $1 Kxf8 38. Rb8+) 37. Rxb8 Nxe4 38. Ne5 Nf6 39. g4 h6 40. Ng6 Nh7 41. h4
1-0

[Event "Olympiad-31"]
[Site "Moscow"]
[Date "1994.12.08"]
[Round "7.2"]
[White "Stohl, Igor"]
[Black "Rogozenco, Dorian"]
[Result "1-0"]
[WhiteElo "2560"]
[BlackElo "2405"]
[Annotator "Moiseev,V"]
[PlyCount "65"]
[EventDate "1994.12.01"]
[EventType "team-swiss"]
[EventRounds "14"]
[EventCountry "RUS"]
[SourceTitle "CBM 045"]
[Source "ChessBase"]
[SourceDate "1995.04.01"]
[SourceVersion "1"]
[SourceVersionDate "1995.04.01"]
[SourceQuality "1"]
[WhiteTeam "Slovakia"]
[BlackTeam "Moldova"]
[WhiteTeamCountry "SVK"]
[BlackTeamCountry "MDA"]

1. c4 c6 2. e4 d5 3. exd5 cxd5 4. d4 Nf6 5. Nc3 Nc6 6. Bg5 (6. Nf3) 6... e6 (
6... Be6 $5) 7. Nf3 (7. c5) 7... dxc4 8. Bxc4 Be7 9. O-O O-O 10. a3 a6 11. Ba2
b5 12. Rc1 (12. Qd3 Bb7 (12... b4 $5) 13. Rad1 $14) 12... Bb7 13. Qd3 (13. Re1
Rc8 14. Bxf6 $6 (14. Qd3) 14... Bxf6 15. Ne4 $2 Bxd4 16. Rxc6 Bxc6 17. Nxd4
Bxe4 18. Rxe4 e5 $19 {Sinkovics,P-Blatny,P/Biel MTO/1991/0:1/18/}) 13... b4 $6
(13... g6 14. Rfd1 Rc8 15. h3 Nb8 16. Ne5 Nbd7 17. Bh6 Re8 18. Qe2 Bf8 19. Bg5
Bg7 20. Bb1 Qb6 $10 {Van Der Sterren,P-Blatny,P/Altensteig/1991/1:0/36/}) 14.
Na4 bxa3 15. bxa3 Na5 16. Ne5 Bd5 17. Bxf6 Bxf6 (17... Bxa2 $2 18. Bxe7 Qxe7
19. Nb6 (19. Qd2 $5 Nb3 20. Qxa2 Nxc1 21. Rxc1 $16) 19... Rad8 20. Qc3 $16 (20.
Qxa6 $16)) 18. Bxd5 exd5 19. Nc3 Nc4 $2 (19... Bxe5 20. dxe5 Nc4 (20... d4 21.
Ne2) 21. f4 Nxa3 22. Nxd5 Nb5 23. f5 $40 Re8 24. f6 Rxe5 $2 25. Qg3 $18) (19...
Qd6 $5 20. f4 (20. Ng4 $5 Rfd8 21. Ne3 Nb3) 20... Rfd8 $14 (20... Qxa3 $4 21.
Ra1 $18)) 20. Nc6 Qd6 21. Nxd5 $1 $16 Nxa3 22. Nxf6+ gxf6 23. Rc5 Nb5 24. Rh5
f5 25. Qxf5 h6 26. d5 (26. Ne7+ $1 Qxe7 (26... Kg7 27. Qg4+ Kh8 28. Nf5 $18) (
26... Kh8 27. Qh3 Qxe7 (27... Kh7 28. Nf5 $18) 28. Rxh6+ Kg7 29. Rh7+ Kg6 30.
Qh5+ Kf6 31. Qh4+ $18) 27. Rxh6 f6 28. Qg4+ Qg7 (28... Kf7 29. Rh7+ $18) 29.
Rg6 Rf7 30. Rxg7+ Rxg7 31. Qe6+ $18) 26... Kg7 27. Rh3 Rae8 28. Rg3+ Kh8 29. h3
Re2 $2 (29... Nc7 30. Rd1 $16) 30. Ra1 $2 (30. Qg4 $18) 30... Rd2 31. Ne5 $18
Nd4 (31... Qe7 32. Rxa6 $18) 32. Qxf7 $1 (32. Nxf7+ $18) 32... Ne2+ 33. Kh2 (
33. Kh2 Nxg3 34. Ng6+ $18) 1-0

[Event "Zuerich op-A 31th"]
[Site "Zuerich"]
[Date "2007.12.28"]
[Round "4"]
[White "Pelletier, Yannick"]
[Black "Domont, Alexandre"]
[Result "1-0"]
[WhiteElo "2609"]
[BlackElo "2340"]
[Annotator "Pelletier,Y"]
[PlyCount "57"]
[EventDate "2007.12.26"]
[EventType "swiss"]
[EventRounds "7"]
[EventCountry "SUI"]
[SourceTitle "CBM 122 Extra"]
[Source "ChessBase"]
[SourceDate "2008.03.04"]
[SourceVersion "1"]
[SourceVersionDate "2008.03.04"]
[SourceQuality "1"]

1. d4 d5 2. c4 c6 3. Nf3 Nf6 4. e3 e6 5. Bd3 {Mit der Zugfolge 3.Nf3 und 4.e3
gelingt es Weiss, von den Hauptvarianten der Meraner Systeme auszuweichen. Der
Nb1 wurde (noch) nicht auf c3 entwickelt, sodass Schwarz die übliche
Fortsetzung dxc4-b5 nichts bringt als Schwächen.} dxc4 6. Bxc4 c5 {Schwarz
geht in ein angenommenes Damengambit über.} 7. O-O cxd4 8. exd4 Be7 9. Nc3 O-O
10. Re1 Nbd7 {Gegen den isolierten Bauern steht dieser Springer oft besser auf
c6. Hier fehlt es tatsächlich Schwarz die Zeit, um a6-b5-Bb7 zu verwirklichen.}
11. Bb3 Nb6 12. Qd3 ({Weiss konnte sich auch anders aufbauen:} 12. Ne5 Bd7 13.
Qf3 Bc6 14. Nxc6 bxc6 15. Qxc6 Qxd4 16. Be3 {oder}) (12. Bg5 Nfd5 13. Bxe7 Nxe7
14. Qd3 {mit guten Perspektiven in beiden Fällen.}) 12... Bd7 (12... Nbd5 {
war genauer, da Weiss das Tempo a3 verlieren muss, möchte er die Batterie
Bc2-Qd3 wie in der Partie organisieren.}) 13. Bc2 (13. Bg5 Nfd5 14. Nxd5 Bxg5
15. Nxb6 axb6 16. d5 Bf6 17. Ne5 exd5 18. Qxd5 Be6 $11) 13... Bc6 ({Nach} 13...
Nbd5 14. Nxd5 exd5 15. Bg5 g6 {steht Weiss mittels} 16. Qb3 $1 {eindeutig
besser. Die Alternativen sind aber nicht klar:} (16. Rxe7 Qxe7 17. Ne5 Bf5 18.
Qf3 h6 19. Bxf6 Qxf6 20. Ng4 Qg5 21. Bxf5 gxf5 22. Ne3 Rad8 $15) ({oder} 16.
Re5 Be6 17. Rae1 $2 Ng4 $36)) 14. Bg5 g6 (14... Nbd7 15. Rad1 $14 (15. Ne5 Nxe5
16. Rxe5 g6 $13)) 15. Bh6 Re8 16. Ne5 Nbd5 17. Bb3 {Ein typisches Verfahren.
Der Läufer hat eine Schwächung des gegnerischen Königsflügels (g6) provoziert,
nun kehrt auf eine aktivere Diagonale zurück.} (17. Qf3 Nb4 18. Be4 Qxd4 (18...
Bxe4 19. Rxe4 $36) 19. Rad1 Qc5 $13) (17. Qh3 Bf8 18. Bg5 Be7 19. Nxd5 Bxd5 20.
Ba4 Ne4 21. Bf4 Rf8 22. Bc2 Nd6 $13) 17... Bf8 18. Bg5 Bg7 $6 {[%cal Gg5d8]} ({
Es ist psychologisch schwierig, den etwas traurigen Zug} 18... Be7 {zu spielen.
Trotzdem war er geeignet, um die weisse Initiative in Grenzen zu halten. Weiss
stünde dann mittels} 19. Qf3 Nxc3 20. Nxc6 Ne2+ 21. Rxe2 bxc6 22. Ba4 ({oder} 
22. Qxc6 Qxd4 23. h3 $14 {[%csl Gb3,Gg5]}) 22... Nd5 23. Bh6 $14 {zwar leicht
besser, aber die Stellung wäre noch haltbar.}) 19. Ne4 h6 ({Das verliert einen
Bauern, aber die Fortsetzung} 19... Qc7 20. Bxf6 Nxf6 21. Ng5 {war auch nicht
gut, z.B:} Re7 (21... Nh5 22. Nexf7 Nf4 23. Qd2 Nxg2 24. Rxe6 $1 Rxe6 25. Nxe6
$18) 22. Nexf7 $1 Rxf7 23. Bxe6 Bd5 24. Rac1 $16) 20. Bxd5 Bxd5 21. Nxf6+ Bxf6
22. Bxh6 Qb6 $2 (22... Bg5 23. Ng4 $5 (23. Qh3 Rc8 24. Bxg5 Qxg5 25. Qh8+ Kxh8
26. Nxf7+ Kg7 27. Nxg5 Rc2 28. b3 $16) 23... Bxh6 24. Nxh6+ Kg7 25. Ng4 Qh4 26.
h3) (22... Rc8 23. Qd2 $16) 23. Qe3 $1 {[%csl Rf7][%cal Ge3f4,Gf4f7] Die
schwarze Dame hat sich vom Königsflügel entfernt, was Weiss bestens ausnützt.}
Qd6 24. Qf4 Qe7 25. Rac1 (25. Ng4 Bg7 26. Bg5 f6 27. Nxf6+ Bxf6 28. Qxf6 Qxf6
29. Bxf6 Rac8 30. Rac1 $16) 25... Rac8 (25... g5 26. Qg4 $18) 26. Ng4 Bg7 27.
Rxc8 Rxc8 28. Bxg7 Kxg7 29. Qe5+ {Nach 29...f6 entscheidet 30.Qxd5} 1-0

[Event "EU-Cup 31st"]
[Site "Skopje"]
[Date "2015.10.22"]
[Round "5.2"]
[White "Fish, Gennadij"]
[Black "Postny, Evgeny"]
[Result "0-1"]
[WhiteElo "2460"]
[BlackElo "2658"]
[Annotator "Postny,E"]
[PlyCount "76"]
[EventDate "2015.10.18"]
[EventType "team-swiss"]
[EventRounds "7"]
[EventCountry "MKD"]
[SourceTitle "CBM 169"]
[Source "ChessBase"]
[SourceDate "2015.11.10"]
[SourceVersion "1"]
[SourceVersionDate "2015.11.10"]
[SourceQuality "1"]
[WhiteTeam "Werder Bremen"]
[BlackTeam "Beer Sheva"]
[WhiteTeamCountry "GER"]
[BlackTeamCountry "ISR"]

1. d4 d5 2. c4 dxc4 3. Nf3 Nf6 4. e3 e6 5. Bxc4 a6 6. O-O b5 (6... c5 {is the
main line.}) 7. Bd3 {The bishop can also retreat to b3 or e2, but the move in
the text is the most principled, as it supports the e3-e4 advance.} Bb7 8. a4
b4 9. Nbd2 {Now White has the c4-square for his knight.} c5 10. e4 {The most
ambitious and the only way to fight for the initiative. White doesn't mind
sacrificing the d4-pawn. Advancing the pawn to e5, White gets more space and
chances for a potential attack on the kingside.} Nc6 11. e5 Nd7 {This is
better than 11...Nd5. The Pe5 is a target.} (11... Nd5 $6 12. Nb3 Nxd4 13.
Nbxd4 cxd4 14. Nxd4 $14) 12. Be4 {This is the first choice of the engine,
though 12.Ne4 is a worthy alternative, which I faced before.} (12. Ne4 Nxd4 13.
Nxd4 cxd4 14. Bf4 Qa5 (14... Nc5 $5) 15. Re1 $44 {1/2-1/2 (35) Schneider,I 
(2489)-Postny,E (2647) Germany 2012}) 12... cxd4 (12... Qc7 $6 13. Nc4 cxd4 14.
Bf4 Nf6 15. Bxc6+ Bxc6 16. Qxd4 (16. Nxd4 $1 Nd5 17. Rc1 Nxf4 18. Nxc6 $16)
16... Rd8 17. exf6 Rxd4 18. Bxc7 Rxc4 19. Ne5 Rc2 20. Rfc1 $16 {1/2-1/2 (65)
Melkumyan,H (2678)-Halkias,S (2519) Doha 2014}) 13. Nc4 (13. Nb3 Nc5 (13... Qb6
14. Re1 Nc5 15. a5 Qa7 16. Nxc5 Bxc5 17. Bf4 h6 18. Nd2 d3 19. Be3 Bxe3 20.
Rxe3 O-O 21. Nc4 Rad8 22. Bxd3 Rd4 $11 {0-1 (42) Sebenik,M (2496)-Stevic,H 
(2611) Austria 2013}) 14. Bg5 (14. Nxc5 Bxc5 15. Qc2 Na5 $1 16. Bxb7 Nxb7 17.
Qe4 $11) 14... Qd7 15. Nxc5 Bxc5 16. Rc1 Bb6 $15 {1/2-1/2 (70) Grachev,B (2660)
-Fier,A (2571) Moscow 2011}) 13... Nc5 14. Bg5 Qc7 15. Bxc6+ Qxc6 (15... Bxc6
$2 {It would be great to keep the light-squared bishop, but after} 16. Nxd4 Bd5
17. Rc1 h6 18. Bh4 {Black can't complete the development in a satisfactory way.
}) 16. Na5 Qc7 $146 (16... Qd5 17. Qxd4 $6 {The exchange of queens is a relief
for Black.} (17. Nxb7 Qxb7 {would transpose to our game.}) 17... Qxd4 18. Nxd4
Bd5 19. Rfd1 Rc8 20. Rac1 Kd7 21. b3 Ne4 22. Rxc8 Kxc8 $15 {1-0 (43) Cornette,
M (2585)-Christiansen,J (2351) Reykjavik 2015}) 17. Nxb7 Qxb7 18. Nxd4 h6 19.
Be3 Rd8 {This is tempting, but perhaps I should have completed the development
of my kingside as soon as possible.} (19... Be7 20. Qg4 g6 21. Rfc1 h5 22. Qe2
O-O 23. Rc4 Rad8 24. Rac1 Rd5 {and Black should equalise.}) 20. Rc1 Rd5 21. Rc4
$1 {The best plan. White is planning to double the heavy pieces on the c-file.}
Be7 22. Qg4 {I expected this, but it's not as dangerous as it looks.} (22. Qc2
$1 O-O 23. b3 $1 Rfd8 24. h3 Bf8 25. f4 $14 {White has stabilised the position
and can think about a further plan. Black's problem is that the Nc5 is not
stable.}) 22... g6 23. Rfc1 O-O $1 {It is necessary to finally hide my king ,
while the Ph6 is of lesser significance.} (23... h5 $2 24. Qf3 Qd7 (24... O-O
$2 25. Rxc5 Bxc5 26. Rxc5 $18) 25. Nc2 $1 Nd3 26. Nxb4 $1 Nxb4 (26... Nxc1 27.
Nxd5 exd5 28. Rxc1 $16) 27. Rc7 Qd8 28. Rc8 {trapping the queen.}) 24. Bxh6 $6
(24. Qe2 Rfd8 (24... Rxe5 $4 25. Nf3 $18 {[%csl Rc5,Re5]}) 25. h3 a5 $11) 24...
Rfd8 {Here I was already happy with my position.} 25. Be3 (25. h4 Rxd4 (25...
Rxe5 $6 26. Qf3 Qxf3 27. gxf3 $1 $14 {[%cal Gd4c6]}) 26. Rxd4 Rxd4 27. Qxd4 Nb3
28. Qc4 Nxc1 29. Bxc1 Qd7 $11) 25... Rxe5 {I captured the more important pawn.}
26. h3 $6 {Obviously a useful move, but it was preferable to either grab Pb4
or to force Black to exchange one pair of rooks.} (26. Nf3 Red5 (26... Re4 27.
Rxe4 Nxe4 $11) 27. Rxb4 Rd1+ 28. Ne1 Rxc1 29. Bxc1 Qd5 $44) 26... Red5 27. Rxc5
$2 {This attempt to simplify and equalise has a clear flaw.} ({Both} 27. a5) ({
and} 27. Qe2 {were acceptable. Black is slightly better, but the whole fight
would be still ahead.}) 27... Bxc5 28. Nxe6 (28. Rxc5 Rxc5 29. Nxe6 Rcd5 30.
Nxd8 Rxd8 {is not enough for the exchange, but was already the lesser evil for
White.}) 28... Bxe3 29. Nxd8 Bxf2+ $1 30. Kxf2 Qb6+ {Suddenly White's king has
got into a crossfire.} 31. Kg3 (31. Kf1 Rf5+ $19) (31. Ke2 Re5+ $19) 31... Qe3+
32. Qf3 Qe5+ 33. Kf2 Qxb2+ 34. Kg3 Qe5+ 35. Kf2 Rxd8 $6 (35... Qd4+ $1 36. Kg3
Rf5 {was winning on the spot.}) 36. Kg1 a5 {Now it's "simply" a technically
winning position.} 37. Rf1 Qd5 38. Qe2 ({The rook endgame after} 38. Qxd5 Rxd5
{is hopeless for White.}) 38... b3 0-1